Calculus with Analytic Geometry /

محفوظ في:
التفاصيل البيبلوغرافية
المؤلف الرئيسي: Anton, Howard
التنسيق: Sách giấy
اللغة:English
منشور في: New York : John Wiley and Sons, 1992
الوسوم: إضافة وسم
لا توجد وسوم, كن أول من يضع وسما على هذه التسجيلة!
Thư viện lưu trữ: Thư viện Trường Đại học Đà Lạt
LEADER 00569nam a2200241 4500
001 DLU020000220
005 ##11/10/1998
020 # # |a 0-471-50901-9 
041 # # |a eng 
082 # # |a 515.15  |b AN-H 
100 # # |a Anton, Howard 
245 # # |a Calculus with Analytic Geometry /  |c Howard Anton 
260 # # |a New York :  |b John Wiley and Sons,  |c 1992 
300 # # |a XXX, 1246 tr.;  |c 26 cm. 
992 # # |a 35000 
994 # # |a DLU 
900 # # |a False 
911 # # |a Administrator 
925 # # |a G 
926 # # |a A 
927 # # |a SH 
980 # # |a Thư viện Trường Đại học Đà Lạt